Statistics for Super Bowl Facts Quiz

Click here to take the quiz!

General Stats

  • This quiz has been taken 21 times
  • The average score is 4 of 15

Answer Stats

QuestionAnswer% Correct
Who was the first super bowl loser?Kansas City Chiefs
86%
How many TD's did Steve Young throw in SB296
76%
Who was the last backup QB to win the SBNIck Foles
67%
Who is the oldest coach to win a super bowlBill Belichick
38%
In super bowl 7, which player infamously misplayed a field goal attempt, which was later picked up by a Redskins defender and ended up as a touchdownGaro Yepremian
29%
How long was the Jets last SB win?51 years
24%
Who was the youngest head coach to win a super bowlMike Tomlin
24%
Who was the starting QB for the Chargers in SB29Stan Humphries
24%
After their win in SB39 how long did it take for the Patriots to win their next super bowl10 years
19%
Which two cities have hosted the most super bowlsMiami and New Orleans
19%
How many NFL teams have played in the super bowl the same year they hosted it0 teams
5%
What was the lowest scoring game in super bowl historySuper Bowl 53
5%
Which NFL teams have the most Super Bowl LossesDenver Broncos and New England Patriots
0%
Which NFL teams have never appeared in the super bowlHouston Texans, Jacksonville Jaguars, Cleveland Browns, Detroit Lions
0%
What is the highest scoring game in super bowl historySuper Bowl 29
0%

Score Distribution

Percentile by Number Answered

Percent of People with Each Score

Your Score History

You have not taken this quiz